000 01248cam a22003617a 4500
003 CHAP
005 20220817043236.0
008 971013s1989 mx a r 00010 spa d
010 _a69328
011 _a70300
035 _a79781
040 _cCHAP
090 _aTesis
100 0 0 _aMaldonado Carrasco, Adriana.
_970084
245 1 0 _aBotánica económica del ejido "Vicente Guerrero" municipio de Teapa, Tabasco
260 _aChapingo, Méx. :
_bEl autor,
_c1989
300 _a95 h.
_b: ilus.
502 _aTesis (Ing. Forestal Silvicultor) -- UACH. División de Ciencias Forestales
590 _aALEPH
_b10
_c20130110
_lUCH01
_h1407
590 _aBATCH-UPD
_b10
_c20130110
_lUCH01
_h0514
590 _aBATCH-UPD
_b10
_c20130110
_lUCH01
_h2255
590 _aBATCH-UPD
_b10
_c20130410
_lUCH01
_h0152
590 _aBATCH-UPD
_b10
_c20130410
_lUCH01
_h1602
590 _aBATCH-UPD
_b10
_c20130914
_lUCH01
_h0736
590 _aCONVERSION
_b10
_c20130109
_lUCH01
_h1338
650 1 4 _aBotánica económica.
_914655
650 1 4 _aBotánica
_zTabasco.
_914649
710 0 _aUACH. División de Ciencias Forestales.
901 _aBK
942 _cFOLL
949 _bBC
_cTES
_d-32671
_eTS1
_h22351
_i79781
_si
949 _bBC
_cTES
_d-97713
_eTS2
_fc.2
_h22352
_i79781
_si
999 _c69328
_d69328